| 000 | 00526nam a2200157 4500 | ||
|---|---|---|---|
| 999 |
_c509296 _d509296 |
||
| 008 | 190429b ||||| |||| 00| 0 eng d | ||
| 100 |
_aMishra, Pragatika _94926 |
||
| 245 | _aEffects of Deen Dayal Upadhyaya Grameen Kaushalya Yojna (DDU-GKY) on employment and income in Keonjhar district of Odisha | ||
| 260 | _c2018 | ||
| 300 | _ap.253-263. | ||
| 650 |
_aDeen Dayal Upadhyaya Grameen Kaushalya Yojana _94927 |
||
| 700 |
_eJena, Pratap Kumar _94928 |
||
| 773 | _aProductivity | ||
| 906 | _aEmployment | ||
| 942 |
_2ddc _cAR |
||